Automotive engines (Record no. 12154)

000 -LEADER
fixed length control field 00538nam a2200193 4500
001 - CONTROL NUMBER
control field 12154
003 - CONTROL NUMBER IDENTIFIER
control field BD-DhUET
008 - FIXED-LENGTH DATA ELEMENTS--GENERAL INFORMATION
fixed length control field 710511s1971 nyuah 001 0 eng
040 ## - CATALOGING SOURCE
Original cataloging agency DLC
Transcribing agency DLC
Modifying agency BD-DhUET
082 00 - DEWEY DECIMAL CLASSIFICATION NUMBER
Classification number 629.25
Item number CRO/1971
100 ## - MAIN ENTRY--PERSONAL NAME
Personal name Crouse, William H.
245 10 - TITLE STATEMENT
Title Automotive engines
Remainder of title construction, operation, and maintenance
250 ## - EDITION STATEMENT
Edition statement 4th ed.
260 ## - PUBLICATION, DISTRIBUTION, ETC. (IMPRINT)
Place of publication, distribution, etc. New York
Name of publisher, distributor, etc. McGraw-Hill
Date of publication, distribution, etc. 1971
300 ## - PHYSICAL DESCRIPTION
Extent 495 p.
Other physical details illus.
Dimensions 26 cm.
490 0# - SERIES STATEMENT
Series statement McGraw-Hill automotive technology series
650 #0 - SUBJECT ADDED ENTRY--TOPICAL TERM
Topical term or geographic name as entry element Automobiles
942 ## - ADDED ENTRY ELEMENTS (KOHA)
Koha item type General Book
Holdings
Sublocation or collection (holding branch) Location (home branch) Koha full call number Withdrawn status Koha normalized classification for sorting Copy number Koha item type Damaged status Price effective from Shelving location Koha date last seen Piece designation (barcode) Date acquired Source of classification or shelving scheme Lost status Not for loan
Central Library, BUETCentral Library, BUET629.25/CRO/1971 629_250000000000000_CRO_19711General Book 2015-02-24Circulation section2015-02-24312202015-02-24   
Central Library, BUETCentral Library, BUET629.25/CRO/1971 629_250000000000000_CRO_19712General Book 2015-02-26Circulation section2015-02-26347482015-02-26   
Central Library, BUETCentral Library, BUET629.25/CRO/1971 629_250000000000000_CRO_19713General Book 2015-05-11Circulation section2015-05-11312232015-05-11   
Central Library, BUETCentral Library, BUET629.25/CRO/1971 629_250000000000000_CRO_19714General Book 2015-05-11Circulation section2015-05-11312182015-05-11   
Central Library, BUETCentral Library, BUET629.25/CRO/1971 629_250000000000000_CRO_19715Reading Item 2015-06-20Reading section2015-06-20263442015-06-20   
Central Library, BUETCentral Library, BUET629.25/CRO/1971 629_250000000000000_CRO_19716Reading Item 2015-06-30Reading section2015-06-30312212015-06-30